000 00538nam a2200205Ia 4500
005 20250326145409.0
008 250326s9999 xx 000 0 und d
037 _aTextbook
040 _aFMSL
_beng
_cFMSL
041 _aeng
_2eng
084 _qFMSL
100 _aRobbins S P
_9308447
245 0 _aFundamentals of management
_cRobbins S P; Decenzo D A
250 _a9th
260 _aEdinburgh
_bEdinburgh, Pearson
_c2015
365 _b8250.5900000000001
650 _aManagement
942 _cTB
999 _c1307439
_d1307439